00339nam a22001337a 4500003000400000020001900004082001800023100001900041245006400060250002100124260003600145300000800181650001600189SGT a 9788131246986 a617.632bM16D a Dean, Jeffrey aMcDonald and Avery's Dentistry for the Child and Adolescent aFirst South Asia aNEW DELHIbElsevier Indiac2016 a700 aPEDODONTICS